| 000 | 00621nam a2200241Ia 4500 | ||
|---|---|---|---|
| 001 | 27544 | ||
| 005 | 20240114001008.0 | ||
| 007 | ta | ||
| 008 | 060525s g b000 u 465 u | ||
| 040 | _aCotton College,Assam | ||
| 041 | _a465 | ||
| 082 |
_a826.6 _bK 226 L |
||
| 100 | _aColvin, Sidney . | ||
| 245 | 0 |
_aLetters of John Keats / _cSidney Colvin. _hTextual Documents |
|
| 250 | _a1st ed. / | ||
| 260 |
_aLondon : _bMacmillan and Co. , _cnd. |
||
| 300 |
_a377p. ; _c17cm _e24cm. |
||
| 653 | _aEnglish Letters | ||
| 653 | _aG-English | ||
| 942 |
_2ddc _cBK |
||
| 999 |
_c27526 _d27526 |
||